000 00316nam a2200133Ia 4500
008 260604s9999 xx 000 0 und d
020 _a9781805071266
082 _a808.3 TAP
100 _aMicaela Tapsell ;Kaley McKean
_935302
245 0 _aHow It Works: Water
260 _bUsborne
500 _aWater
942 _cBK
999 _c8073
_d8073